| 000 | 00550nam a2200217Ia 4500 | ||
|---|---|---|---|
| 999 |
_c255 _d255 |
||
| 003 | 0100 | ||
| 008 | 130227s9999 xx 000 0 und d | ||
| 040 | _cARRUPELIB | ||
| 050 | _aDT2342.B939 | ||
| 100 |
_aBulpin, Thomas Victor _931665 |
||
| 245 | _aLost trails on the low veld | ||
| 260 |
_bHoward B. Timmins _aCape Town _c1956 |
||
| 300 | _a292p | ||
| 300 | _b 21cm | ||
| 650 |
_bTransvaal _xHistory _931666 |
||
| 650 |
_bFrontier & pioneer life _xAfrica _931667 |
||
| 700 |
_aTyrrell, Barbara (illust) _931668 |
||
| 942 |
_2lcc _cMONOGRAPH |
||